000
00314 a2200157 4500
001
58163
020
_a
8526216015
040
_c
Anchieta - Pituba
100
_a
Assunção, Leilah
240
1
0
_a
Lua nua
_l
por
245
1
0
_a
Lua nua
300
_a
54
362
0
_a
1990
650
4
_a
Drama brasileiro
942
_c
BK
999
_c
58163
_d
58163